000 01617cam a2200445 i 4500
999 _c9646
_d9646
001 18459930
003 GBCCL
005 20241126110716.0
007 ta
008 140418s2014 ii b 000 0 eng d
010 _a 2014360773
020 _a9788184653885 (paperback)
020 _a8184653883 (paperback)
025 _aI-E-2014-360773; 13-91
035 _a(OCoLC)ocn879958554
035 _a(OCoLC)879958554
037 _bLibrary of Congress -- New Delhi Overseas Office
040 _aDKAGE
_beng
_erda
_cDKAGE
_dOCLCO
_dUKMGB
_dOCLCF
_dDLC
042 _alccopycat
_alcode
043 _aa-ii---
050 0 0 _aBR1644.5.I4
_bZ85 2014
082 0 4 _a270.8209541
_223
_bZEL
100 1 _aZeliang, Elungkiebe,
_eauthor.
_94681
245 1 0 _aCharismatic movements in the Baptist churches in North East India :
_ba Zeliangrong perspective /
_cElungkiebe Zeliang.
264 1 _aDelhi :
_bISPCK,
_c2014.
300 _axli, 417 pages ;
_c24 cm
336 _atext
_btxt
_2rdacontent
337 _aunmediated
_bn
_2rdamedia
338 _avolume
_bnc
_2rdacarrier
500 _aOriginally presented as the author's thesis.
504 _aIncludes bibliographical references (pages 346-378).
650 0 _aPentecostalism
_zIndia, Northeastern
_xHistory.
_916773
650 0 _aZeliangrong (Indic people)
_zIndia, Northeastern
_xReligion.
_916774
650 0 _aBaptists
_zIndia, Northeastern
_xHistory.
_916775
651 0 _aIndia, Northeastern
_xChurch history.
_92119
710 2 _aI.S.P.C.K. (Organization)
_9393
906 _a7
_bcbc
_ccopycat
_d3
_encip
_f20
_gy-gencatlg
942 _2ddc
_cBK
_01